000 00568nam a2200217Ia 4500
003 OSt
005 20230330111433.0
008 210423s2003 xx 000 0 und d
040 _cAL
041 _aeng
082 _a338.7 SRIA
_223
100 _aSRIVASTAVA (Alok)
_979214
245 _aBusiness economics and public finance
260 _aAllahabad
_bKitab Mahal
_c2003
300 _avi,452
365 _b140
_cINR
650 _aBusiness Economics
_979215
650 _aEconomics
_979216
906 _aBusiness ; economics ; finance ; public
942 _2ddc
_cBK
999 _c155147
_d155147